Fr. Conceicao Rodrigues College of Engineering

Radio frequency principles and applications (Record no. 35686)

MARC details
000 -LEADER
fixed length control field 00297nam a2200133Ia 4500
082 ## - DEWEY DECIMAL CLASSIFICATION NUMBER
Classification number 621.284
Item number SMI
100 ## - MAIN ENTRY--PERSONAL NAME
Personal name Smith/A.A
245 ## - TITLE STATEMENT
Title Radio frequency principles and applications
260 ## - PUBLICATION, DISTRIBUTION, ETC.
Name of publisher, distributor, etc. Universities Press
Date of publication, distribution, etc. 2001
300 ## - PHYSICAL DESCRIPTION
Extent 217
546 ## - LANGUAGE NOTE
Language note ENGLISH
654 ## - SUBJECT ADDED ENTRY--FACETED TOPICAL TERMS
Focus term Radio
942 ## - ADDED ENTRY ELEMENTS (KOHA)
Koha item type BOOK
Holdings
Withdrawn status Lost status Damaged status Not for loan Collection Home library Current library Date acquired Total Checkouts Full call number Barcode Date last seen Price effective from Koha item type
        CRC Fr. Agnel's C.Rodrigues College of Engineering Fr. Agnel's C.Rodrigues College of Engineering 17/03/2023   621.284 SMI 13969 17/03/2023 17/03/2023 BOOK